Stadtteile von Mainz - Statistiken

Allgemein
  • Dieses Quiz wurde 314 mal gespielt
    312 seit der letzten Aktualisierung
  • Das Durchschnittsergebnis liegt bei 12 aus 18
Antwortstatistiken
Antwort % Korrekt
Altstadt
88%
Gonsenheim
86%
Neustadt
85%
Mombach
81%
Finthen
79%
Bretzenheim
76%
Hechtsheim
76%
Lerchenberg
73%
Kastel
71%
Weisenau
71%
Laubenheim
67%
Oberstadt
67%
Hartenberg/Münchfeld
62%
Drais
60%
Marienborn
56%
Kostheim
53%
Ebersheim
52%
Amöneburg
45%
Keine übereinstimmenden Quizze gefunden
Verteilung der Resultate
Anzahl Personen mit jedem Resultat
Perzentil nach korrekt beantworteten Fragen
Ihre Resultats-Entwicklung
Sie haben dieses Quiz seit der letzten Aktualisierung nicht gespielt